| 000 | 00588nam a22001817a 4500 | ||
|---|---|---|---|
| 999 |
_c187300 _d187300 |
||
| 005 | 20220411161033.0 | ||
| 010 | _aENG-132264 | ||
| 020 |
_a9789386385529 _c450.00 |
||
| 035 | _aEN-115796 | ||
| 037 | _bDBAD/PUB | ||
| 082 | _a488.0071 | ||
| 100 | _aMohan, Braj | ||
| 245 |
_aLet's Play English: _bActivities for Language Teaching/ _cBraj Mohan |
||
| 260 |
_aNew Delhi _bViva Books Private Limited _c2017 |
||
| 270 |
_bNew Delhi _a4737/23, Ansari Road, Daryaganj _e110002 _mvivadelhi@vivagroupindia.net |
||
| 300 |
_a100p. _c24cm(pbk) |
||
| 942 |
_2ddc _cEN _mMOH _h488.0071 |
||